| 000 | 00419cam a22001097a 4500 | ||
|---|---|---|---|
| 008 | 180718b1962 xxu||||| |||| 00| 0 eng d | ||
| 082 | _aT16x54 In2e | ||
| 245 |
_aOur cooperative education programme _cby Ministry of Community Development, Panchayati Raj & Cooperation |
||
| 260 |
_aFaridabad _bGovernment of India _c1962 |
||
| 300 | _a13p | ||
| 700 | _aHaryana. Ministry of Community Development, Panchayati Raj & Cooperation | ||
| 999 |
_c496976 _d496976 |
||